000 00567nam a2200169 4500
001 144809
003 ES-MaACL
005 20230906201113.0
007 t|
008 070214s1959 sp r ||||1| spa d
100 1 _aSlaughter, Frank G.
_9106773
245 1 3 _aEl infierno de las sombras /
_cFrank G. Slaughter ; [versión española de Mª Luisa Martínez Alinari].
260 _aBarcelona :
_bCaralt,
_c1959 (
_eAndorra :
_fCasal i Vall)
300 _a349 p. ;
_c20 cm.
700 1 _aMartínez Alinari, María Luisa.
_977839
852 _aES-MaACL
_jC-17131
_bR.45530
999 _c144809
_d144809